000 00567nam a22001817a 4500
003 OSt
005 20160203104817.0
008 160203b xxu||||| |||| 00| 0 eng d
020 _a0030201934
040 _aSEKU
050 _aHB 172
_b.H3
100 _aHakes, David R.
245 _aStudy guide [for] Principles of macroeconomics [by] N. Gregory Mankiw
_cDavid R. Hakes and N. Gregory Mankiw
260 _aFlorida :
_bHarcourt Brace College Publishers
_cc1998
650 _aMacroeconomics
_xProblems
_xexercises
700 _aMankiw, N. Gregory
942 _2lcc
_cGEN
999 _c10247
_d10247